000
00329nam a2200133Ia 4500
005
20251222155053.0
008
251222s9999||||xx |||||||||||||| ||spa||
082
_a
ETI.79.1-2
100
_a
VICH RODRIGUEZ, Victor.
245
0
_a
Dame un minuto de tu vida Tomo I Yii
250
_a
1ra. ed.
264
_b
Vargas S.A
942
_c
LIB
999
_c
37380
_d
37380